000 00311nam a2200133Ia 4500
005 20251222154333.0
008 251222s9999||||xx |||||||||||||| ||spa||
020 _a8497894731
082 _a863.3/T56
100 _aTimoneda, Joan de
245 0 _aEl PatraƱuelo
264 _bBiblioteca El Mundo
942 _cLIB
999 _c34235
_d34235